000 00807cab a2200229 4500
001 ABS41427
008 090401t1989 xxu||||| |||| 00| 0 eng d
035 _a(Sirsi) u30080
041 _aeng
100 _aWebb, C.
245 _aMoulding a new horizon
260 _c1989
350 _a0
490 _aSurveyor (PWW)
_v172(5062) 14 September 1989, 12-15(4)
520 _aReviews the viability of proposals to move vast quantities of china clay waste from Cornwall to the south-east for use in construction. Its uses may range from structural fill to concrete blocks and aggregates . Highlights problems associated with tipping of the waste.
650 _aENGLISH CHINA CLAY
650 _aMINE WASTE
650 _aMINERALS
690 _aMINING AND MINERALS
942 _n0
948 _c04/03/1997
999 _c20253
_d20253